Equipes nationales Euro 2024 - Statistiques

Statistiques générales
  • Ce quiz a été pris 98 fois
  • Le résultat moyen est 19 sur 24
Statistiques - réponses
Groupes Pays % Correct
Groupe A Allemagne
98%
Groupe D France
93%
Groupe B Espagne
92%
Groupe B Italie
91%
Groupe F Portugal
90%
Groupe E Belgique
88%
Groupe D Pays Bas
87%
Groupe A Suisse
86%
Groupe C Angleterre
85%
Groupe D Pologne
85%
Groupe B Croatie
83%
Groupe D Autriche
80%
Groupe E Ukraine
79%
Groupe F Turquie
78%
Groupe C Danemark
76%
Groupe E Roumanie
76%
Groupe B Albanie
74%
Groupe C Slovénie
74%
Groupe E Slovaquie
73%
Groupe A Ecosse
71%
Groupe A Hongrie
71%
Groupe C Serbie
70%
Groupe F Géorgie
67%
Groupe F Tchéquie
58%
Aucun quiz correspondant
Distribution des résultats
% des personnes avec chaque résultat
Percentile par nombre de réponses
Votre historique - résultats
Vous n’avez pas pris ce quiz